| 000 | 00399pam a2200145 a 4500 | ||
|---|---|---|---|
| 020 | _c | ||
| 041 | _h | ||
| 082 |
_a005.2 _bPRA |
||
| 100 | _aPrasad, P Balkrishna . | ||
| 245 |
_aOperating Systems / _cNULL. _hTextual Documents |
||
| 260 |
_aChennai : _bScitech Publications (India) Pvt. Ltd. , _c2003. |
||
| 300 |
_a602 ; _cNULL. |
||
| 653 | _aFundamentals of Operating Systems | ||
| 930 | _a1948 | ||
| 999 |
_c121450 _d121450 |
||